<?xml version="1.0" encoding="UTF-8"?>
<collection xmlns:xsi="http://www.w3.org/2001/XMLSchema-instance" xsi:schemaLocation="http://www.loc.gov/MARC21/slim http://www.loc.gov/standards/marcxml/schema/MARC21slim.xsd" xmlns="http://www.loc.gov/MARC21/slim">
 <record>
  <leader>00000cam a22000003i 4500</leader>
  <controlfield tag="001">UP-1685594773861757279</controlfield>
  <controlfield tag="003">Buklod</controlfield>
  <controlfield tag="005">20100112082340.0</controlfield>
  <controlfield tag="006">a     r    |||| u|</controlfield>
  <controlfield tag="007">ta</controlfield>
  <controlfield tag="008">160709s1990    nju     rb   |||| u|eng d</controlfield>
  <datafield tag="020" ind1=" " ind2=" ">
   <subfield code="a">0887382975</subfield>
  </datafield>
  <datafield tag="035" ind1=" " ind2=" ">
   <subfield code="a">(iLib)UPBAG-00007116592</subfield>
  </datafield>
  <datafield tag="037" ind1=" " ind2=" ">
   <subfield code="a">BC-29368</subfield>
   <subfield code="c">Php1,922.15</subfield>
  </datafield>
  <datafield tag="040" ind1=" " ind2=" ">
   <subfield code="d">BAG</subfield>
   <subfield code="e">rda</subfield>
  </datafield>
  <datafield tag="041" ind1="0" ind2=" ">
   <subfield code="a">eng</subfield>
  </datafield>
  <datafield tag="090" ind1=" " ind2="0">
   <subfield code="a">JF 1411</subfield>
   <subfield code="b">P76</subfield>
  </datafield>
  <datafield tag="245" ind1="0" ind2="0">
   <subfield code="a">Program evaluation and the management of government</subfield>
   <subfield code="b">patterns and prospects across eight nations</subfield>
   <subfield code="c">edited by Ray C. Rist.</subfield>
  </datafield>
  <datafield tag="264" ind1=" " ind2="1">
   <subfield code="a">New Brunswick, New Jersey</subfield>
   <subfield code="b">Transaction</subfield>
   <subfield code="c">©1990.</subfield>
  </datafield>
  <datafield tag="300" ind1=" " ind2=" ">
   <subfield code="a">ix, 184 pages</subfield>
   <subfield code="c">24 cm</subfield>
  </datafield>
  <datafield tag="504" ind1=" " ind2=" ">
   <subfield code="a">Includes bibliographical references.</subfield>
  </datafield>
  <datafield tag="505" ind1="0" ind2=" ">
   <subfield code="a">Managing of evaluations or managing by evaluations: choices and consequences / Ray C. Rist -- Countries in the first wave of evaluation development -- Policy and program evaluation in the government of Canada / R.V. segsworth -- Program evaluation in the federal republic of Germany / Hans-Ulrirc Derlien -- Policy evaluation in British government: from idealism to realism? / Bill Jenkins and Andrew Gray -- The organization and Function of evaluation in the Unied States: a fedral overview / Ray C. Rist -- Countries in the second wave of evaluation development -- Evaluation in Denmark: the state of the art -- Erik Albaek and Soren winter -- Policy evaluation in the Netherlands: institutional context and state of affairs / M.L. Bemelmans-Videc, R. Elte, and Koolhaas -- Institutional aspects of evaluation in Norway / Bjarne Eriksen -- Switzerland: moving towards evaluation / Katia Horber- Papazian and Laurent ThevoZ -- Genesis and structure of evaluation efforts in comparative perspective / Hans-Ulrich Derlien.</subfield>
  </datafield>
  <datafield tag="650" ind1=" " ind2="0">
   <subfield code="a">Administrative agencies</subfield>
   <subfield code="x">Evaluation.</subfield>
  </datafield>
  <datafield tag="650" ind1=" " ind2="0">
   <subfield code="a">Public administration</subfield>
   <subfield code="x">Evaluation.</subfield>
  </datafield>
  <datafield tag="700" ind1="1" ind2=" ">
   <subfield code="a">Rist, Ray C.</subfield>
   <subfield code="e">editor.</subfield>
  </datafield>
  <datafield tag="905" ind1=" " ind2=" ">
   <subfield code="a">FO</subfield>
  </datafield>
  <datafield tag="852" ind1="0" ind2=" ">
   <subfield code="a">UPBAG</subfield>
   <subfield code="b">UPBAG-MAIN</subfield>
   <subfield code="h">JF 1411 P76</subfield>
  </datafield>
  <datafield tag="942" ind1=" " ind2=" ">
   <subfield code="a">Book</subfield>
  </datafield>
 </record>
</collection>
